MyGZULibrary

Managerial accounting for managers / (Record no. 7616)

MARC details
000 -LEADER
fixed length control field 01308cam a2200325 a 4500
001 - CONTROL NUMBER
control field 14969921
003 - CONTROL NUMBER IDENTIFIER
control field GZU
005 - DATE AND TIME OF LATEST TRANSACTION
control field 20210511140046.0
008 - FIXED-LENGTH DATA ELEMENTS--GENERAL INFORMATION
fixed length control field 070816s2008 maua 001 0 eng
010 ## - LIBRARY OF CONGRESS CONTROL NUMBER
LC control number 2007034085
020 ## - INTERNATIONAL STANDARD BOOK NUMBER
International Standard Book Number 9780073526973 (alk. paper)
020 ## - INTERNATIONAL STANDARD BOOK NUMBER
International Standard Book Number 0073526975 (alk. paper)
040 ## - CATALOGING SOURCE
Original cataloging agency DLC
Transcribing agency DLC
Modifying agency DLC
050 00 - LIBRARY OF CONGRESS CALL NUMBER
Classification number HF5657.4
Item number .N668 2008
082 00 - DEWEY DECIMAL CLASSIFICATION NUMBER
Classification number 658.15/11
Edition number 22
100 1# - MAIN ENTRY--PERSONAL NAME
Personal name Noreen, Eric W.
245 10 - TITLE STATEMENT
Title Managerial accounting for managers /
Statement of responsibility, etc. Eric W. Noreen, Peter C. Brewer, Ray H. Garrison.
260 ## - PUBLICATION, DISTRIBUTION, ETC.
Place of publication, distribution, etc. Boston :
Name of publisher, distributor, etc. McGraw-Hill Irwin,
Date of publication, distribution, etc. c2008.
300 ## - PHYSICAL DESCRIPTION
Extent xxvi, 646 p. :
Other physical details ill. (chiefly col.) ;
Dimensions 29 cm.
500 ## - GENERAL NOTE
General note Includes index.
650 #0 - SUBJECT ADDED ENTRY--TOPICAL TERM
Topical term or geographic name entry element Managerial accounting.
700 1# - ADDED ENTRY--PERSONAL NAME
Personal name Brewer, Peter C.
700 1# - ADDED ENTRY--PERSONAL NAME
Personal name Garrison, Ray H.
856 41 - ELECTRONIC LOCATION AND ACCESS
Materials specified Table of contents only
Uniform Resource Identifier <a href="http://www.loc.gov/catdir/enhancements/fy0743/2007034085-t.html">http://www.loc.gov/catdir/enhancements/fy0743/2007034085-t.html</a>
856 42 - ELECTRONIC LOCATION AND ACCESS
Materials specified Publisher description
Uniform Resource Identifier <a href="http://www.loc.gov/catdir/enhancements/fy0743/2007034085-d.html">http://www.loc.gov/catdir/enhancements/fy0743/2007034085-d.html</a>
856 42 - ELECTRONIC LOCATION AND ACCESS
Materials specified Contributor biographical information
Uniform Resource Identifier <a href="http://www.loc.gov/catdir/enhancements/fy0743/2007034085-b.html">http://www.loc.gov/catdir/enhancements/fy0743/2007034085-b.html</a>
906 ## - LOCAL DATA ELEMENT F, LDF (RLIN)
a 7
b cbc
c orignew
d 1
e ecip
f 20
g y-gencatlg
942 ## - ADDED ENTRY ELEMENTS (KOHA)
Source of classification or shelving scheme Library of Congress Classification
Koha item type Books
Classification part 5657.4
Item part NOR
Call number prefix HF
Call number suffix 2008
Holdings
Withdrawn status Lost status Damaged status Not for loan Collection code Home library Current library Shelving location Date acquired Total Checkouts Full call number Barcode Date last seen Copy number Price effective from Koha item type Date last checked out Source of classification or shelving scheme
        Non-fiction Mashava Campus Library City Campus Library General Stacks 05/11/2021 1 HF 5657.4 NOR 2008 B017598 05/23/2022 c.8 05/11/2021 Books 05/19/2022  
        Non-fiction Graduate School Resource Centre Graduate School Resource Centre General Stacks 06/10/2021   HF 5657.4 NOR 2008 9563 06/10/2021 c. 9 06/10/2021 Books   Library of Congress Classification
        Non-fiction Mashava Campus Library Mashava Campus Library General Stacks 05/11/2021   HF 5657.4 NOR 2008 9565 05/11/2021 c.1 05/11/2021 Books    
        Non-fiction Mashava Campus Library Mashava Campus Library General Stacks 05/11/2021   HF 5657.4 NOR 2008 B017599 05/11/2021 c.2 05/11/2021 Books    
        Non-fiction Mashava Campus Library Mashava Campus Library General Stacks 05/11/2021   HF 5657.4 NOR 2008 9562 05/11/2021 c.3 05/11/2021 Books    
        Non-fiction Mashava Campus Library Mashava Campus Library General Stacks 05/11/2021   HF 5657.4 NOR 2008 B017690 05/11/2021 c.4 05/11/2021 Books    
        Non-fiction Mashava Campus Library Mashava Campus Library General Stacks 05/11/2021   HF 5657.4 NOR 2008 9564 05/11/2021 c.5 05/11/2021 Books    
        Non-fiction Mashava Campus Library Mashava Campus Library General Stacks 05/11/2021   HF 5657.4 NOR 2008 9778 05/11/2021 c.6 05/11/2021 Books    
        Non-fiction Mashava Campus Library Mashava Campus Library General Stacks 05/11/2021   HF 5657.4 NOR 2008 9780 05/11/2021 c.7 05/11/2021 Books